| 000 | 00557nam a2200145Ia 4500 | ||
|---|---|---|---|
| 008 | 151213s9999 xx 000 0 und d | ||
| 100 | _aআবু তাহের মজুমদার। | ||
| 245 |
_aহৃদয়ে তোমার বিষ্ফোরণ। _cআবু তাহের মজুমদার। |
||
| 260 |
_aঢাকা _bঅঙ্কুর প্রকাশনী। _c2004 |
||
| 300 | _a8477 p. | ||
| 650 | _aBangla | ||
| 650 | _aBengali Literature | ||
| 700 | _aআবু তাহের মজুমদার। | ||
| 999 |
_c4315 _d4315 |
||